000 00483nam a2200181Ia 4500
001 22243
005 20260414150818.0
008 260414t2016||||xx |||||||||||||| ||spa||
041 _aESP
082 _a621.3
_bC48
100 _aCerdá Filiu, Luis Miguel
_eAUT
245 0 _aProcesos en instalaciones de infraestructuras comunes de telecomunicaciones
_b
260 _c2016
300 _ax, 255 páginas :
_c27 cm.
650 _aTCA
654 _aCET
942 _cLIB
_dJUS
_fJUS
_2ddc
_n
999 _c22243
_d22243